University Home | Library Home | Institutional Repository

Le surrealisme. (Record no. 150586)

MARC details
000 -LEADER
fixed length control field 00676cam9a220024100 4500
001 - CONTROL NUMBER
control field qcf00001623
005 - DATE AND TIME OF LATEST TRANSACTION
control field 20190823110047.0
008 - FIXED-LENGTH DATA ELEMENTS--GENERAL INFORMATION
fixed length control field 720613s1971 fr 000 0 fre u
010 ## - LIBRARY OF CONGRESS CONTROL NUMBER
LC control number 72852401
035 ## - SYSTEM CONTROL NUMBER
System control number (Sirsi) r100221
035 ## - SYSTEM CONTROL NUMBER
System control number (QCAT)lss00232206
035 ## - SYSTEM CONTROL NUMBER
System control number (UPRA)qcf00001623
040 ## - CATALOGING SOURCE
Modifying agency UPRA
050 ## - LIBRARY OF CONGRESS CALL NUMBER
Classification number NX600.S9
Item number B68
100 1# - MAIN ENTRY--PERSONAL NAME
Personal name Brechon, Robert.
Linkage A58607.1
245 13 - TITLE STATEMENT
Title Le surrealisme.
260 ## - PUBLICATION, DISTRIBUTION, ETC.
Place of publication, distribution, etc. Paris :
Name of publisher, distributor, etc. A. Colin,
Date of publication, distribution, etc. [1971]
490 0# - SERIES STATEMENT
Series statement Collection U2, 159. Syntheses
Linkage S9542.1
504 ## - BIBLIOGRAPHY, ETC. NOTE
Bibliography, etc. note Bibliography: p. [202]-216.
650 #0 - SUBJECT ADDED ENTRY--TOPICAL TERM
Topical term or geographic name entry element Surrealism.
Linkage S3780.1
949 ## - LOCAL PROCESSING INFORMATION (OCLC)
a NX600.S9
w lcc
i -142906
m MAIN
t BOOK
l ON-SHELF

No items available.

© 2026 - The University of Zambia Library - Koha v25.11